<?xml version="1.0" encoding="UTF-8"?><?xml-stylesheet type="text/xsl" href="static/style.xsl"?><OAI-PMH xmlns="http://www.openarchives.org/OAI/2.0/" xmlns:xsi="http://www.w3.org/2001/XMLSchema-instance" xsi:schemaLocation="http://www.openarchives.org/OAI/2.0/ http://www.openarchives.org/OAI/2.0/OAI-PMH.xsd"><responseDate>2026-04-27T21:26:13Z</responseDate><request verb="GetRecord" identifier="oai:uvadoc.uva.es:10324/3294" metadataPrefix="marc">https://uvadoc.uva.es/oai/request</request><GetRecord><record><header><identifier>oai:uvadoc.uva.es:10324/3294</identifier><datestamp>2021-06-23T11:46:24Z</datestamp><setSpec>com_10324_1182</setSpec><setSpec>com_10324_931</setSpec><setSpec>com_10324_894</setSpec><setSpec>col_10324_1393</setSpec></header><metadata><record xmlns="http://www.loc.gov/MARC21/slim" xmlns:doc="http://www.lyncode.com/xoai" xmlns:xsi="http://www.w3.org/2001/XMLSchema-instance" xmlns:dcterms="http://purl.org/dc/terms/" xsi:schemaLocation="http://www.loc.gov/MARC21/slim http://www.loc.gov/standards/marcxml/schema/MARC21slim.xsd">
<leader>00925njm 22002777a 4500</leader>
<datafield tag="042" ind1=" " ind2=" ">
<subfield code="a">dc</subfield>
</datafield>
<datafield tag="720" ind1=" " ind2=" ">
<subfield code="a">Sanz Mínguez, Carlos</subfield>
<subfield code="e">author</subfield>
</datafield>
<datafield tag="260" ind1=" " ind2=" ">
<subfield code="c">2002</subfield>
</datafield>
<datafield tag="520" ind1=" " ind2=" ">
<subfield code="a">Una tumba de cronología romana, de la necrópolis pintiana, constituye una referencia novedosa para contextualizar las estelas pétreas de cabecera discoide.</subfield>
</datafield>
<datafield tag="024" ind2=" " ind1="8">
<subfield code="a">Moreno López, Ángeles (ed.). Tradición y futuro: la Universidad de Valladolid a través de nueve siglos. Valladolid : Universidad de Valladolid, 2002, pp. 141-142.</subfield>
</datafield>
<datafield tag="024" ind2=" " ind1="8">
<subfield code="a">84-8448-140-9</subfield>
</datafield>
<datafield tag="024" ind2=" " ind1="8">
<subfield code="a">http://uvadoc.uva.es/handle/10324/3294</subfield>
</datafield>
<datafield tag="024" ind2=" " ind1="8">
<subfield code="a">141</subfield>
</datafield>
<datafield tag="024" ind2=" " ind1="8">
<subfield code="a">142</subfield>
</datafield>
<datafield tag="024" ind2=" " ind1="8">
<subfield code="a">Tradición y futuro: la Universidad de Valladolid a través de nueve siglos</subfield>
</datafield>
<datafield ind1=" " ind2=" " tag="653">
<subfield code="a">Vacceos</subfield>
</datafield>
<datafield ind1=" " ind2=" " tag="653">
<subfield code="a">Yacimientos arqueológicos - Padilla de Duero (Valladolid)</subfield>
</datafield>
<datafield ind1=" " ind2=" " tag="653">
<subfield code="a">Necrópolis - España - Valladolid (Provincia)</subfield>
</datafield>
<datafield tag="245" ind1="0" ind2="0">
<subfield code="a">Ajuar de tumba altoimperial. Necrópolis de Las Ruedas, Pintia (Padilla de Duero), siglo I d.C.</subfield>
</datafield>
</record></metadata></record></GetRecord></OAI-PMH>